| 000 | 00728nam a2200193Ia 4500 | ||
|---|---|---|---|
| 999 |
_c36181 _d36181 |
||
| 001 | 2083 | ||
| 003 | GE_BSU | ||
| 005 | 20221024111942.0 | ||
| 008 | 181216s1987ru xx |||||||||||||| ||rus|| | ||
| 040 | _cGE_BSU | ||
| 041 | _arus | ||
| 080 | _a821(1-87)(09)(075.8) И-90 | ||
| 245 |
_aИстория зарубежной литературы. Средние века иВозрождение : _bДля студ. филол. фак.вузов. |
||
| 264 |
_aМосква : _bВысшая школа, _c1987. |
||
| 300 |
_a415 стр. : _b24 см. |
||
| 653 | _aИстория зарубежной литературы | ||
| 653 | _aუცხოური ლიტერატურის ისტორია | ||
| 942 |
_cBK _2udc |
||